[Event "65th ch-RUS HL"]
[Site "Tyumen RUS"]
[Date "2012.06.21"]
[Round "6"]
[White "Frolyanov, Dmitry"]
[Black "Dubov, Daniil"]
[Result "0-1"]
[WhiteElo "2564"]
[BlackElo "2569"]
[PlyCount "136"]
[EventDate "2012.06.16"]

1. e4 c5 2. Nf3 d6 3. d4 cxd4 4. Nxd4 Nf6 5. Nc3 Nc6 6. Bg5 e6 7. Qd2 Be7 8.
O-O-O O-O 9. f4 h6 10. Bh4 Nxd4 11. Qxd4 Qa5 12. Bc4 e5 13. fxe5 dxe5 14. Qd3
Bg4 15. Bxf6 Bxf6 16. Rdf1 Rac8 17. Bb3 Be6 18. Nd5 Bg5+ 19. Kb1 Qc5 20. h4 Be7
21. Qe2 b5 22. Nxe7+ Qxe7 23. Bxe6 Qxe6 24. Qxb5 Rfd8 25. Qe2 Rc4 26. Rd1 Rdc8
27. Rd2 Qc6 28. Re1 a5 29. a3 Rb8 30. Ka1 Rc3 31. Rb1 Qa4 32. Rd3 Rxc2 33. Qd1
Qc4 34. Rd8+ Rxd8 35. Qxd8+ Kh7 36. Qxa5 Qxe4 37. g4 Qd4 38. Qb5 e4 39. g5 Rc5
40. Qb3 Rf5 41. gxh6 Rf3 42. Rd1 Rxb3 43. Rxd4 f5 44. Kb1 e3 45. Kc2 Rxb2+ 46.
Kd1 Kxh6 47. Rf4 g6 48. Ke1 Ra2 49. a4 Kh5 50. Kf1 Rb2 51. Ke1 Rc2 52. Kf1 Ra2
53. Ke1 g5 54. Rxf5 Kxh4 55. Re5 Rxa4 56. Rxe3 Rf4 57. Ke2 g4 58. Ra3 g3 59.
Ke3 Rf1 60. Ra8 g2 61. Rh8+ Kg3 62. Rg8+ Kh2 63. Rh8+ Kg1 64. Ke2 Rf7 65. Rh5
Re7+ 66. Kd2 Kf2 67. Rf5+ Kg3 68. Rg5+ Kf3 0-1

[Event "65th ch-RUS HL"]
[Site "Tyumen RUS"]
[Date "2012.06.24"]
[Round "8"]
[White "Potkin, Vladimir"]
[Black "Alekseev, Evgeny"]
[Result "1-0"]
[WhiteElo "2642"]
[BlackElo "2677"]
[PlyCount "80"]
[EventDate "2012.06.16"]

1. c4 c5 2. Nf3 Nc6 3. Nc3 g6 4. e3 Nf6 5. d4 cxd4 6. exd4 d5 7. cxd5 Nxd5 8.
Bc4 Nb6 9. Bb3 Bg7 10. d5 Na5 11. O-O O-O 12. h3 Nxb3 13. axb3 e6 14. d6 Bd7
15. Bg5 f6 16. Be3 Bc6 17. Bc5 e5 18. b4 Kh8 19. b5 Bd7 20. Qe2 Re8 21. Qe4 Rb8
22. Rxa7 f5 23. Qe3 Nc4 24. Qe2 e4 25. Qxc4 exf3 26. Bd4 fxg2 27. Rd1 f4 28.
Nd5 Qh4 29. Nxf4 Qg5 30. Nd5 Qh5 31. Bxg7+ Kxg7 32. Qd4+ Kh6 33. Ra3 Rf8 34.
Re1 Rf7 35. Re5 g5 36. f4 Rg8 37. Rg3 Bxh3 38. Qe3 Bg4 39. Rxg2 Ra8 40. Rh2
Ra1+ 1-0

[Event "11th TCh-BIH Premier"]
[Site "Jahorina BIH"]
[Date "2012.06.03"]
[Round "2.3"]
[White "Berkes, F."]
[Black "Tadic, Br"]
[Result "0-1"]
[WhiteElo "2696"]
[BlackElo "2506"]
[PlyCount "96"]
[EventDate "2012.06.02"]
[WhiteTeam "SK Bosna, Sarajevo"]
[BlackTeam "SK Celik, Zenica"]

1. g3 c5 2. Bg2 Nc6 3. c4 g6 4. Nc3 Bg7 5. d3 d6 6. e4 a6 7. Nge2 Rb8 8. a4 Nf6
9. O-O O-O 10. Rb1 Bd7 11. Be3 Ng4 12. Bg5 h6 13. Bc1 Nb4 14. f4 f5 15. h3 Nf6
16. Be3 Qc8 17. Kh2 e5 18. Qd2 Kh7 19. fxe5 dxe5 20. a5 Qc7 21. Nc1 Nh5 22. Nb3
f4 23. Bxc5 fxg3+ 24. Kg1 Rxf1+ 25. Rxf1 Nc6 26. Nd5 Qd8 27. Bd6 Ra8 28. Bc7
Qh4 29. Nb6 Bxh3 30. Bxh3 Qxh3 31. Nxa8 Nf4 32. Rf3 Qh4 33. Rxf4 exf4 34. Bxf4
Bd4+ 35. Kg2 Bf2 36. Qc1 Qh2+ 37. Kf3 g5 38. Bc7 Kg6 39. Qf1 g4+ 40. Ke2 Nb4
41. Na1 Kg7 42. Bf4 Bd4+ 43. Ke1 Nxd3+ 44. Qxd3 Qf2+ 45. Kd1 g2 46. Bh2 Qf1+
47. Kc2 Qxd3+ 48. Kxd3 g3 0-1

[Event "Cez Trophy 2012"]
[Site "Prague CZE"]
[Date "2012.06.23"]
[Round "3"]
[White "Navara, D."]
[Black "Svidler, P."]
[Result "0-1"]
[WhiteElo "2706"]
[BlackElo "2741"]
[PlyCount "82"]
[EventDate "2012.06.20"]

1. Nf3 Nf6 2. c4 g6 3. Nc3 d5 4. cxd5 Nxd5 5. Qb3 Nb6 6. d4 Bg7 7. e4 Bg4 8.
Bb5+ c6 9. Ng5 O-O 10. Be2 Bxe2 11. Nxe2 e5 12. Qh3 h6 13. Nf3 exd4 14. Bxh6
Re8 15. O-O-O c5 16. Ng5 Qd7 17. Qh4 f6 18. Bxg7 Qxg7 19. Nh3 Nc6 20. Rd3 g5
21. Qh5 Rxe4 22. f4 Qf7 23. Ng3 Qc4+ 24. Rc3 dxc3 25. Qg6+ Kf8 26. Qxf6+ Ke8
27. Qg6+ Kd7 28. Qxe4 cxb2+ 29. Kb1 Re8 30. Rd1+ Nd4 31. Qxb7+ Kd8 32. Qb8+ Kd7
33. Qb7+ Kd8 34. Qb8+ Nc8 35. Qxb2 Re6 36. Rc1 Qa4 37. Ka1 Rb6 38. Qd2 Nd6 39.
Rc3 Nc4 40. Qd3 Qb4 41. Rb3 Qe1+ 0-1

[Event "16th Voronezh Master Open"]
[Site "Voronezh RUS"]
[Date "2012.06.19"]
[Round "7.3"]
[White "Grigoriants, S RUS."]
[Black "Romanov, E."]
[Result "1-0"]
[WhiteElo "2557"]
[BlackElo "2631"]
[PlyCount "91"]
[EventDate "2012.06.12"]

1. e4 e5 2. Nf3 Nc6 3. Bb5 a6 4. Ba4 Nf6 5. O-O Be7 6. Re1 b5 7. Bb3 d6 8. c3
O-O 9. h3 Na5 10. Bc2 c5 11. d4 Nd7 12. Nbd2 exd4 13. cxd4 Nc6 14. d5 Nce5 15.
a4 Rb8 16. Nxe5 Nxe5 17. axb5 axb5 18. f4 Ng6 19. Nf3 Bh4 20. Rf1 Bg3 21. f5
Ne5 22. Ng5 Nd7 23. Nxh7 Kxh7 24. f6 g6 25. Qg4 Nxf6 26. Qxg3 Nh5 27. Qe3 Kg8
28. Qh6 Qe8 29. Bg5 Qe5 30. Bd1 Qd4+ 31. Rf2 Ng3 32. Bf6 Qxf2+ 33. Kxf2 Nxe4+
34. Kg1 Nxf6 35. Qf4 Nxd5 36. Qxd6 Be6 37. Qxc5 Rfc8 38. Qf2 Nb4 39. Qd2 Nc6
40. Qd6 Na5 41. Qg3 Nc4 42. Bc2 Rb6 43. Bxg6 fxg6 44. Qxg6+ Kf8 45. Ra7 Bd7 46.
Qh7 1-0